000 01132nam a2200241 a 4500
003 AM-YEHGA
001 1690402
005 20250617164132.0
008 200206s1985 ru a||||r|||||000|0|rus||
040 _aAM-YeHGA
041 0 _arus
100 1 _aХрушкова, Людмила Георгиевна
245 1 0 _aЦандрипш :
_bМатериалы по раннехристианскому строительству в Абхазии /
_cЛ.Г. Хрушкова ; Ред. Н. Чубинашвили ; Абхаз. ин-т яз., лит. и истории им. Д.И. Гулиа АН ГССР.
260 _aСухуми :
_bАлашара,
_c1985.
300 _a129, 15 с. :
_bил. ;
_c16 см.
650 1 4 _aАрхитектура
650 1 4 _aКультовые здания и сооружения
653 0 _aХрамовая архитектура абхазская
700 1 _aЧубинашвили, Н.
_eред.
_4edt
710 2 _aАбхазский институт языка, литературы и истории им. Д.И. Гулиа АН ГССР
942 _2udc
_cBK
090 _c522193
999 _c518635
_d518635